[Event "Montigny le Bretonneux op 22nd"]
[Site "Montigny le Bretonneux"]
[Date "2023.12.30"]
[Round "7"]
[White "Longbien, Dominique"]
[Black "Couradin, Jean Marie"]
[Result "0-1"]
[WhiteElo "1470"]
[BlackElo "1410"]
[PlyCount "80"]
[EventDate "2023.12.27"]
[EventType "swiss"]
[EventRounds "7"]
[EventCountry "FRA"]
[SourceTitle "CB06_2024"]
[SourceDate "2024.02.07"]
[SourceVersion "1"]
[SourceVersionDate "2024.02.07"]
[SourceQuality "1"]

1. e4 e6 2. d4 d5 3. exd5 exd5 4. Nf3 Bd6 5. Bg5 f6 6. Bh4 Ne7 7. Be2 Bf5 8. 0-0 0-0 9. Bg3 c6 10. Bxd6 Qxd6 11. c3 Nd7 12. Re1 Rfe8 13. Nh4 Nf8 14. Nxf5 Nxf5 15. Nd2 Re7 16. Bh5 g6 17. Be2 Rae8 18. Nf3 Ne6 19. Bd3 Nfg7 20. g3 Nf8 21. Qd2 a6 22. Rxe7 Rxe7 23. c4 Nd7 24. Qa5 Ne6 25. Re1 Kf7 26. cxd5 Qxd5 27. Qxd5 cxd5 28. Bc2 Nb6 29. Re3 Nc4 30. Rb3 b5 31. Rb4 Nc7 32. Rb3 Re2 33. Rc3 b4 34. Kf1 bxc3 35. Kxe2 cxb2 36. Kd3 Nb5 37. a4 Nba3 38. Ne1 b1Q 39. Bxb1 Nxb1 40. Nc2 Nb2+ 0-1

[Event "Montigny le Bretonneux op 20th"]
[Site "Montigny le Bretonneux"]
[Date "2022.10.26"]
[Round "5"]
[White "Plantet, Marc"]
[Black "Longbien, Dominique"]
[Result "1-0"]
[WhiteElo "1739"]
[BlackElo "1379"]
[PlyCount "79"]
[EventDate "2022.10.22"]
[EventType "swiss"]
[EventRounds "9"]
[EventCountry "FRA"]
[SourceTitle "EXT 2024"]
[Source "ChessBase"]
[SourceDate "2023.10.10"]
[SourceVersion "1"]
[SourceVersionDate "2023.10.10"]
[SourceQuality "1"]

1. e4 c6 2. Nf3 d5 3. Nc3 Bg4 4. e5 e6 5. Be2 Bb4 6. Nd4 Qb6 7. Nb3 Bf5 8. Na4 Qc7 9. c3 b5 10. cxb4 bxa4 11. Nc5 Qxe5 12. 0-0 Nf6 13. d4 Qc7 14. Qxa4 0-0 15. Bg5 Ne4 16. Nxe4 Bxe4 17. Rac1 Qb6 18. Be7 Rc8 19. Bc5 Qc7 20. Rc3 Nd7 21. Rfc1 Nb6 22. Qd1 Rab8 23. Ba6 Re8 24. a4 Nd7 25. Qd2 Nxc5 26. Rxc5 Rb6 27. b5 h6 28. f3 Bg6 29. a5 Rxa6 30. bxa6 e5 31. Rxc6 Qb8 32. Rc7 exd4 33. Qxd4 Qb5 34. Rc8 Kh7 35. Rxe8 Qxe8 36. Qxa7 Qb5 37. Qb6 Qd3 38. a7 d4 39. Qc5 Qe3+ 40. Kh1 1-0

[Event "Montigny le Bretonneux op 20th"]
[Site "Montigny le Bretonneux"]
[Date "2022.10.25"]
[Round "4"]
[White "Longbien, Dominique"]
[Black "Aidan, David"]
[Result "1-0"]
[WhiteElo "1379"]
[BlackElo "1266"]
[PlyCount "97"]
[EventDate "2022.10.22"]
[EventType "swiss"]
[EventRounds "9"]
[EventCountry "FRA"]
[SourceTitle "EXT 2024"]
[Source "ChessBase"]
[SourceDate "2023.10.10"]
[SourceVersion "1"]
[SourceVersionDate "2023.10.10"]
[SourceQuality "1"]

1. d4 f5 2. Bf4 e6 3. Nf3 Nf6 4. e3 Be7 5. Nbd2 0-0 6. c4 b6 7. Bd3 d6 8. 0-0 Nc6 9. Qc2 Nb4 10. Qb1 Nxd3 11. Qxd3 Bb7 12. h3 a5 13. Bh2 Qd7 14. Rfe1 Ne4 15. Qc2 Rad8 16. Rac1 Rf6 17. Red1 Rg6 18. d5 Nxd2 19. Rxd2 e5 20. Kh1 Rf8 21. Bg3 f4 22. exf4 exf4 23. Bh4 Bxh4 24. Nxh4 Rh6 25. Nf3 Rg6 26. Qe4 Qf5 27. Qxf5 Rxf5 28. Nh4 Rfg5 29. Nxg6 Rxg6 30. Re1 Kf7 31. Rde2 Kf6 32. Re6+ Kf7 33. Rxg6 hxg6 34. g3 fxg3 35. fxg3 Ba6 36. b3 a4 37. Kg2 b5 38. Re4 Bb7 39. Kf2 c6 40. Re6 bxc4 41. bxc4 cxd5 42. Rxd6 Ke7 43. Rxg6 Kf7 44. Rb6 dxc4 45. Rxb7+ Ke6 46. Rb5 Kd6 47. Ke2 Kc6 48. Rg5 Kd6 49. Kd2 1-0

[Event "Montigny le Bretonneux op 20th"]
[Site "Montigny le Bretonneux"]
[Date "2022.10.24"]
[Round "3"]
[White "Kvashyna, Tetyana"]
[Black "Longbien, Dominique"]
[Result "1-0"]
[WhiteElo "1677"]
[BlackElo "1379"]
[PlyCount "137"]
[EventDate "2022.10.22"]
[EventType "swiss"]
[EventRounds "9"]
[EventCountry "FRA"]
[SourceTitle "EXT 2024"]
[Source "ChessBase"]
[SourceDate "2023.10.10"]
[SourceVersion "1"]
[SourceVersionDate "2023.10.10"]
[SourceQuality "1"]

1. d4 c6 2. Nf3 d5 3. e3 Bf5 4. c4 e6 5. Qb3 Qc7 6. Nc3 Nf6 7. Be2 Be7 8. 0-0 h6 9. Bd2 0-0 10. Rac1 Qb6 11. c5 Qxb3 12. axb3 Nbd7 13. b4 b5 14. Ra1 a6 15. Ra2 Ra7 16. Rfa1 Rfa8 17. h3 Bd8 18. b3 Bc7 19. Nh4 Bh7 20. f4 Bd8 21. Nf3 Nh5 22. Kh2 Bc7 23. g4 Nhf6 24. g5 hxg5 25. Nxg5 Bf5 26. Nf3 Ne4 27. Nxe4 Bxe4 28. Ng5 Bg6 29. Bg4 Bf5 30. Bh5 g6 31. Be2 f6 32. Nf3 Kf7 33. Nh4 Be4 34. Bf3 Bxf3 35. Nxf3 e5 36. Kh1 Rh8 37. Rxa6 Rxa6 38. Rxa6 Nb8 39. Ra7 Rc8 40. fxe5 fxe5 41. Nxe5+ Kf6 42. Ng4+ Kf5 43. Kg2 Nd7 44. Kf3 Nf8 45. Nh6+ Kf6 46. h4 Ne6 47. Be1 Rf8 48. Ke2 Rh8 49. Ng4+ Kf5 50. Kf3 g5 51. Bg3 gxh4 52. Bxc7 Rh7 53. Ne5 h3 54. Bb6 Ng5+ 55. Kg3 Rh8 56. Kh2 Ke4 57. Re7 Kf5 58. Rg7 Ra8 59. Ba5 Kf6 60. Rg6+ Kf5 61. Rxc6 Ke4 62. Rg6 Nf3+ 63. Nxf3 Kxf3 64. Rg3+ Ke4 65. Rxh3 Rf8 66. c6 Rf2+ 67. Kg1 Rb2 68. c7 Rc2 69. Rh8 1-0

[Event "Montigny le Bretonneux op 21st"]
[Site "Montigny le Bretonneux"]
[Date "2021.12.29"]
[Round "6"]
[White "Longbien, Dominique"]
[Black "Plancade, Philajit"]
[Result "1/2-1/2"]
[WhiteElo "1417"]
[BlackElo "1273"]
[PlyCount "149"]
[EventDate "2021.12.26"]
[EventType "swiss"]
[EventRounds "9"]
[EventCountry "FRA"]
[SourceTitle "EXT 2023"]
[Source "ChessBase"]
[SourceDate "2022.10.05"]
[SourceVersion "1"]
[SourceVersionDate "2022.10.05"]
[SourceQuality "1"]

1. d4 Nf6 2. Bf4 e6 3. e3 d5 4. Nf3 c5 5. c3 b6 6. Nbd2 Nc6 7. Bd3 Bd6 8. Bg3 0-0 9. 0-0 Bb7 10. e4 dxe4 11. Nxe4 Nxe4 12. Bxe4 Bxg3 13. fxg3 cxd4 14. Nxd4 Qc7 15. Qh5 g6 16. Qg5 Nxd4 17. Bxb7 Qxb7 18. cxd4 Rad8 19. Rf4 Rd5 20. Qf6 Qc6 21. h4 Qc2 22. Raf1 Qc7 23. g4 Qd8 24. Qxd8 Rdxd8 25. R1f3 Rd5 26. Rc3 Rfd8 27. Rc7 R8d7 28. Rc8+ Kg7 29. Kf2 Rxd4 30. Ke3 Rd2 31. Rc7 R7d3+ 32. Ke4 Rd4+ 33. Ke5 Rxf4 34. Kxf4 Rxg2 35. Rxa7 Rxb2 36. h5 gxh5 37. gxh5 Rb5 38. Kg4 Ra5 39. Rb7 Rxa2 40. Rxb6 Ra7 41. Kg5 f6+ 42. Kg4 Re7 43. Kf4 Kf7 44. Rc6 Ra7 45. Rc4 Ke7 46. Rc8 Kf7 47. Rc4 Kg7 48. Kg4 Rf7 49. Rc6 f5+ 50. Kg5 h6+ 51. Kf4 Kf6 52. Rb6 Rg7 53. Rb8 e5+ 54. Kf3 Kg5 55. Rf8 e4+ 56. Ke3 Kg4 57. Rf6 Rg5 58. Rxh6 Rxh5 59. Rg6+ Rg5 60. Rf6 Rg8 61. Rf7 Kg5 62. Re7 Kf6 63. Ra7 Re8 64. Ra6+ Re6 65. Ra8 Rb6 66. Kf4 Rb5 67. Ra6+ Ke7 68. Rh6 Kd7 69. Rg6 Kc7 70. Rf6 Kb7 71. Re6 Ka7 72. Rf6 Rb3 73. Rxf5 Rf3+ 74. Kxe4 Rxf5 75. Kxf5 1/2-1/2

[Event "Montigny le Bretonneux Noel op 19th"]
[Site "Montigny le Bretonneux"]
[Date "2018.12.27"]
[Round "1"]
[White "Verat Fayolle, Celian"]
[Black "Longbien, Dominique"]
[Result "1-0"]
[WhiteElo "1935"]
[BlackElo "1468"]
[PlyCount "28"]
[EventDate "2018.12.26"]
[EventType "swiss"]
[EventRounds "7"]
[EventCountry "FRA"]
[SourceTitle "CBM 188 Extra"]
[Source "ChessBase"]
[SourceDate "2019.02.26"]
[SourceVersion "1"]
[SourceVersionDate "2019.02.26"]
[SourceQuality "1"]

1. e4 e5 2. Nf3 Nc6 3. Bc4 Nf6 4. Ng5 d5 5. exd5 Nxd5 6. Nxf7 Kxf7 7. Qf3+ Qf6 8. Bxd5+ Be6 9. Bxc6 bxc6 10. Qxc6 Bd6 11. Nc3 Rab8 12. Ne4 Rb6 13. Qxb6 Bd5 14. Nxf6 Bxg2 1-0

[Event "Montigny le Bretonneux Noel op 17th"]
[Site "Montigny le Bretonneux"]
[Date "2016.12.27"]
[Round "1"]
[White "Tseveendorj, Ider"]
[Black "Longbien, Dominique"]
[Result "1-0"]
[WhiteElo "2118"]
[BlackElo "1513"]
[PlyCount "63"]
[EventDate "2016.12.26"]
[EventType "swiss"]
[EventRounds "7"]
[EventCountry "FRA"]
[SourceTitle "CBM 176 Extra"]
[Source "ChessBase"]
[SourceDate "2017.03.02"]
[SourceVersion "1"]
[SourceVersionDate "2017.03.02"]
[SourceQuality "1"]

1. d4 d5 2. Nf3 Nf6 3. e3 e6 4. Bd3 Nbd7 5. Nbd2 h6 6. Qe2 c5 7. c3 b6 8. e4 Bb7 9. e5 Nh5 10. Nf1 g6 11. Be3 Qc7 12. Qd2 cxd4 13. cxd4 a5 14. a3 Ba6 15. Bxa6 Rxa6 16. Rc1 Qb7 17. g4 Ng7 18. Bxh6 Rxh6 19. Qxh6 Nf5 20. Qd2 Bh6 21. g5 Bf8 22. Ne3 Ne7 23. h4 b5 24. h5 gxh5 25. Rxh5 b4 26. axb4 Nc6 27. Rh8 Nxb4 28. Ng4 Rc6 29. Rxc6 Qxc6 30. Nf6+ Ke7 31. Qc3 Qb7 32. Nxd7 1-0